[Event "Purtichju op"]
[Site "Purtichju"]
[Date "2023.07.01"]
[Round "1"]
[White "Podvin, Antoine"]
[Black "Rakotomaharo, Fy Antenaina"]
[Result "0-1"]
[WhiteElo "2081"]
[BlackElo "2463"]
[PlyCount "54"]
[EventDate "2023.07.01"]
[EventType "swiss"]
[EventRounds "9"]
[EventCountry "FRA"]
[SourceTitle "CBM 215 Extra"]
[Source "ChessBase"]
[SourceDate "2023.09.30"]
[SourceVersion "1"]
[SourceVersionDate "2023.09.30"]
[SourceQuality "1"]

1. d4 Nf6 2. c4 e6 3. Nc3 d5 4. cxd5 exd5 5. Bg5 c6 6. e3 h6 7. Bh4 Be7 8. Bd3 0-0 9. Nge2 Re8 10. 0-0 a5 11. f3 c5 12. Rc1 Nc6 13. Bb1 Be6 14. Bxf6 Bxf6 15. dxc5 d4 16. Ne4 dxe3 17. Nd6 Bxb2 18. Qc2 Bxc1 19. Qh7+ Kf8 20. Rxc1 Qg5 21. f4 Qg4 22. Ng3 Nd4 23. Bf5 Ne2+ 24. Nxe2 Qxe2 25. Qh8+ Ke7 26. Nxe8 Qf2+ 27. Kh1 e2 0-1

[Event "Bastia Summer op 1st"]
[Site "Bastia"]
[Date "2021.07.16"]
[Round "7"]
[White "Podvin, Antoine"]
[Black "Battesti, Marc Andria"]
[Result "0-1"]
[WhiteElo "2085"]
[BlackElo "2060"]
[PlyCount "100"]
[EventDate "2021.07.12"]
[EventType "swiss"]
[EventRounds "9"]
[EventCountry "FRA"]
[SourceTitle "CBM 203 Extra"]
[Source "ChessBase"]
[SourceDate "2021.09.30"]
[SourceVersion "1"]
[SourceVersionDate "2021.09.30"]
[SourceQuality "1"]

1. d4 Nf6 2. Nc3 d5 3. Bg5 Nbd7 4. Nf3 h6 5. Bh4 e6 6. e3 Be7 7. Be2 0-0 8. Rg1 a6 9. g4 b5 10. Ne5 Nxe5 11. dxe5 Nd7 12. Bxe7 Qxe7 13. f4 Qh4+ 14. Kf1 b4 15. Na4 Qh3+ 16. Kf2 Qxh2+ 17. Rg2 Qh4+ 18. Kg1 Bb7 19. Bf3 Bc6 20. c3 Rab8 21. Rc1 Bxa4 22. Qxa4 Nc5 23. Qc2 b3 24. axb3 Nxb3 25. Rf1 Qe7 26. g5 hxg5 27. Rxg5 f6 28. exf6 Rxf6 29. Rf2 Rh6 30. Rfg2 Kh8 31. Qd3 Rf8 32. Bd1 Nc5 33. Qd4 Rg8 34. Bc2 Ne4 35. Bxe4 dxe4 36. Qxe4 Rd8 37. Qf3 e5 38. fxe5 Rf8 39. Qg4 Qc5 40. Qd4 Qb5 41. Qd1 Qb6 42. Qe2 Qa5 43. Qe1 Qd5 44. Rxg7 Qxe5 45. R7g5 Qe4 46. R5g4 Qh7 47. Rh2 Rxh2 48. Qg3 Rf1+ 49. Kxf1 Qb1+ 50. Qe1 Rh1+ 0-1

[Event "Corsica Coca Cola blitz op"]
[Site "Bastia"]
[Date "2017.10.24"]
[Round "9"]
[White "Podvin, Antoine"]
[Black "Raja, Harshit"]
[Result "0-1"]
[WhiteElo "2038"]
[BlackElo "2423"]
[PlyCount "66"]
[EventDate "2017.10.24"]
[EventType "swiss (blitz)"]
[EventRounds "9"]
[EventCountry "FRA"]
[SourceTitle "CBM 181 Extra"]
[Source "ChessBase"]
[SourceDate "2017.12.12"]
[SourceVersion "1"]
[SourceVersionDate "2017.12.12"]
[SourceQuality "1"]

1. d4 d5 2. e4 c6 3. Nc3 g6 4. e5 Bg7 5. Be3 f6 6. f4 Nh6 7. Qd2 Ng4 8. 0-0-0 0-0 9. Nf3 Nxe3 10. Qxe3 Bg4 11. Be2 Nd7 12. h3 Bxf3 13. Bxf3 fxe5 14. fxe5 Qb6 15. Bg4 Nxe5 16. Be6+ Kh8 17. b3 Nf7 18. Rhf1 Nd6 19. Na4 Qb4 20. c3 Qa3+ 21. Kb1 Ne4 22. Rf3 b5 23. Nb2 b4 24. cxb4 Qxb4 25. Ka1 a5 26. Na4 c5 27. Bxd5 Nf6 28. Bxa8 Rxa8 29. Qxe7 cxd4 30. Rxf6 Qxe7 31. Rb6 d3+ 32. Kb1 Rc8 33. Nb2 Qe2 0-1

[Event "Avoine op 32nd"]
[Site "Avoine"]
[Date "2017.07.27"]
[Round "6"]
[White "Podvin, Antoine"]
[Black "Nguyen Cadoret, Nathan"]
[Result "1-0"]
[WhiteElo "2048"]
[BlackElo "1843"]
[PlyCount "73"]
[EventDate "2017.07.22"]
[EventType "swiss"]
[EventRounds "9"]
[EventCountry "FRA"]
[SourceTitle "CBM 179 Extra"]
[Source "ChessBase"]
[SourceDate "2017.08.23"]
[SourceVersion "1"]
[SourceVersionDate "2017.08.23"]
[SourceQuality "1"]

1. d4 Nf6 2. c4 g6 3. Nc3 Bg7 4. e4 d6 5. Nge2 0-0 6. f3 e5 7. d5 Nbd7 8. Be3 a6 9. Qd2 Rb8 10. b4 Ne8 11. g4 c5 12. b5 Nb6 13. Ng3 axb5 14. Nxb5 Nc7 15. Nc3 Bd7 16. h4 f5 17. Bg5 Qe8 18. gxf5 gxf5 19. Bd3 f4 20. Nf5 Bxf5 21. exf5 e4 22. fxe4 Rxf5 23. 0-0-0 Rf7 24. Rdg1 Kh8 25. Bxf4 Na4 26. Nxa4 Qxa4 27. Bxd6 b5 28. Rxg7 Qa3+ 29. Kd1 Rxg7 30. Be5 bxc4 31. Bxg7+ Kg8 32. Bc3 cxd3 33. Qg5+ Kf7 34. Rf1+ Ke8 35. Qg8+ Kd7 36. Rf7+ Kd6 37. Qg3# 1-0

[Event "Avoine op 32nd"]
[Site "Avoine"]
[Date "2017.07.23"]
[Round "2"]
[White "Podvin, Antoine"]
[Black "Eugene, Floryan"]
[Result "0-1"]
[WhiteElo "2048"]
[BlackElo "2193"]
[PlyCount "74"]
[EventDate "2017.07.22"]
[EventType "swiss"]
[EventRounds "9"]
[EventCountry "FRA"]
[SourceTitle "CBM 179 Extra"]
[Source "ChessBase"]
[SourceDate "2017.08.23"]
[SourceVersion "1"]
[SourceVersionDate "2017.08.23"]
[SourceQuality "1"]

1. d4 Nf6 2. c4 g6 3. Nc3 Bg7 4. e4 d6 5. Nge2 0-0 6. f3 a6 7. Be3 Nc6 8. Qd2 Bd7 9. Bh6 Bxh6 10. Qxh6 e5 11. d5 Na5 12. Ng3 b5 13. cxb5 axb5 14. Bxb5 Bxb5 15. Nxb5 c6 16. dxc6 Nxc6 17. a4 Qb6 18. Nf5 Ne8 19. Ne3 Nb4 20. Kd2 Nf6 21. Rhd1 d5 22. Ke2 Rxa4 23. Rxa4 Qxb5+ 24. Ke1 Qxa4 25. Nf5 Nc2+ 26. Kd2 Qb4+ 27. Kxc2 Nh5 28. g4 Rb8 29. Rb1 Qc5+ 30. Kd1 Qg1+ 31. Kc2 Rc8+ 32. Kd2 Qf2+ 33. Kd3 Qc2+ 34. Ke3 d4+ 35. Nxd4 exd4+ 36. Kxd4 Rd8+ 37. Ke5 Qc7# 0-1

[Event "Porticcio op 2nd"]
[Site "Grosseto Prugna"]
[Date "2015.07.02"]
[Round "8"]
[White "Podvin, Antoine"]
[Black "Socko, Monika"]
[Result "0-1"]
[WhiteElo "1856"]
[BlackElo "2472"]
[PlyCount "130"]
[EventDate "2015.06.27"]
[EventType "swiss"]
[EventRounds "9"]
[EventCountry "FRA"]
[SourceTitle "CBM 167 Extra"]
[Source "ChessBase"]
[SourceDate "2015.09.14"]
[SourceVersion "1"]
[SourceVersionDate "2015.09.14"]
[SourceQuality "1"]

1. d4 Nf6 2. c4 e6 3. Nc3 Bb4 4. Qc2 0-0 5. Bg5 h6 6. Bh4 c5 7. e3 cxd4 8. exd4 d5 9. Nf3 dxc4 10. Bxc4 Qc7 11. Bb3 Nbd7 12. 0-0 b6 13. Qd3 Bb7 14. Bg3 Qd8 15. Rfd1 Qe7 16. Nb5 Ne4 17. Bc2 Ndf6 18. Bf4 Rfc8 19. a3 Ba6 20. Rac1 Bd6 21. Ne5 Qb7 22. f3 Bxb5 23. Qxb5 Ng5 24. h4 Ngh7 25. Qd3 Nf8 26. Qd2 Qe7 27. g4 Nd5 28. Be4 Qxh4 29. Bxd5 exd5 30. Nxf7 Bxf4 31. Qxf4 Ne6 32. Qf5 Rxc1 33. Rxc1 Nxd4 34. Qxd5 Qg3+ 35. Kf1 Qxf3+ 36. Qxf3 Nxf3 37. Kf2 Kxf7 38. Rc7+ Ke6 39. Kxf3 Rf8+ 40. Ke4 Rf7 41. Rc6+ Ke7 42. Rc7+ Ke8 43. Rc8+ Kd7 44. Rg8 Kd6 45. b4 Kc6 46. a4 Kd6 47. a5 Kc6 48. axb6 axb6 49. Ke5 Kb5 50. Rb8 Rc7 51. Kd5 Re7 52. Kd4 Re6 53. Rf8 Kxb4 54. Rf4 Rf6 55. Re4 b5 56. Ke5+ Kc3 57. g5 hxg5 58. Rg4 b4 59. Rxg5 b3 60. Rxg7 Rb6 61. Rg3+ Kb4 62. Kd4 b2 63. Rg1 Kb3 64. Kd3 Rd6+ 65. Ke2 Kc2 0-1

[Event "Calvi Balagne rapid KO 12th"]
[Site "Calvi"]
[Date "2014.05.24"]
[Round "3.4"]
[White "Podvin, Antoine"]
[Black "Edouard, Romain"]
[Result "0-1"]
[WhiteElo "1896"]
[BlackElo "2627"]
[PlyCount "88"]
[EventDate "2015.05.24"]
[EventType "k.o. (rapid)"]
[EventRounds "14"]
[EventCountry "FRA"]
[SourceTitle "EXT 2016"]
[Source "ChessBase"]
[SourceDate "2015.10.08"]
[SourceVersion "1"]
[SourceVersionDate "2015.10.08"]
[SourceQuality "1"]

1. d4 e6 2. c4 Bb4+ 3. Bd2 a5 4. a3 Bxd2+ 5. Qxd2 d6 6. Nc3 Nf6 7. Nf3 Qe7 8. e3 e5 9. dxe5 dxe5 10. Be2 0-0 11. 0-0 e4 12. Nd4 c6 13. Rad1 Nbd7 14. Nf5 Qe6 15. Nd6 Ne5 16. Ndxe4 Nxe4 17. Nxe4 Nxc4 18. Qd4 Ne5 19. f4 Nd7 20. Bc4 Qe7 21. Nd6 Nf6 22. e4 Bg4 23. Rd2 b5 24. Ba2 Be6 25. Bxe6 fxe6 26. Rc1 Ng4 27. h3 Nh6 28. Qe5 Qa7+ 29. Kh1 Qe3 30. Qxe6+ Kh8 31. Rdc2 Rf6 32. Qe5 Ng4 33. Rxc6 Nxe5 34. fxe5 Rff8 35. Rc7 Kg8 36. Nf5 Qxe4 37. Nxg7 Rf2 38. Rg1 Qxe5 39. Rb7 Raf8 40. b4 a4 41. Rd7 R8f7 42. Rd8+ Kxg7 43. Rgd1 Rf1+ 44. Rxf1 Rxf1# 0-1

[Event "Purticciu op 1st"]
[Site "Grosseto Prugna"]
[Date "2014.05.07"]
[Round "2"]
[White "Malaniuk, Vladimir P"]
[Black "Podvin, Antoine"]
[Result "1-0"]
[WhiteElo "2550"]
[BlackElo "1736"]
[PlyCount "65"]
[EventDate "2014.05.06"]
[EventType "swiss"]
[EventRounds "7"]
[EventCountry "FRA"]
[SourceTitle "CBM 160 Extra"]
[Source "ChessBase"]
[SourceDate "2014.07.01"]
[SourceVersion "1"]
[SourceVersionDate "2014.07.01"]
[SourceQuality "1"]

1. d4 Nf6 2. Nf3 e6 3. c4 b6 4. Nc3 Bb4 5. Bg5 h6 6. Bh4 Bxc3+ 7. bxc3 0-0 8. e4 g5 9. Nxg5 Nxe4 10. Nf3 Ng5 11. Nxg5 hxg5 12. Qg4 f5 13. Qg3 f4 14. Qg4 e5 15. Bxg5 d6 16. Bxd8+ Bxg4 17. Bxc7 exd4 18. f3 Bf5 19. cxd4 Nc6 20. Bxd6 Rfe8+ 21. Kf2 Rad8 22. Bxf4 Rxd4 23. Be3 Rd7 24. c5 Rde7 25. Bc4+ Be6 26. Bb5 Bd7 27. Rhe1 Nb4 28. Bc4+ Kh7 29. cxb6 axb6 30. Bxb6 Rxe1 31. Rxe1 Kh6 32. Rxe8 Bxe8 33. g4 1-0

[Event "Cappelle op 30th"]
[Site "Cappelle la Grande"]
[Date "2014.03.07"]
[Round "8"]
[White "Podvin, Antoine"]
[Black "Kurajica, Bojan"]
[Result "0-1"]
[WhiteElo "1692"]
[BlackElo "2505"]
[PlyCount "79"]
[EventDate "2014.03.01"]
[EventType "swiss"]
[EventRounds "9"]
[EventCountry "FRA"]
[SourceTitle "CBM 159 Extra"]
[Source "ChessBase"]
[SourceDate "2014.04.24"]
[SourceVersion "1"]
[SourceVersionDate "2014.04.24"]
[SourceQuality "1"]

1. d4 Nf6 2. c4 e6 3. Nc3 Bb4 4. Qc2 d6 5. Nf3 0-0 6. Bg5 Nbd7 7. e3 c5 8. Bd3 Qa5 9. 0-0 cxd4 10. exd4 Bxc3 11. bxc3 b6 12. Rab1 Bb7 13. Rb5 Qa6 14. Nd2 Bc6 15. Rb4 Qc8 16. Re1 Re8 17. Ne4 Nxe4 18. Bxe4 Bxe4 19. Rxe4 a5 20. Rh4 f5 21. Ra4 Nf8 22. Qd3 Qd7 23. Ra3 a4 24. Qb1 Rec8 25. Qb4 Ng6 26. Rh3 f4 27. Rh5 e5 28. h3 h6 29. Bh4 Qc6 30. f3 Qxc4 31. Qxd6 Kh7 32. Bf2 Ra5 33. Qb4 Qd3 34. c4 Qd1+ 35. Qe1 Qc2 36. Qc3 Qxc3 37. Rxc3 exd4 38. Rxa5 dxc3 39. Bxb6 c2 40. c5 0-1

[Event "La Fere op 10th"]
[Site "La Fere"]
[Date "2011.07.06"]
[Round "6.18"]
[White "Jimenez, Martin"]
[Black "Podvin, Antoine"]
[Result "1-0"]
[WhiteElo "1888"]
[BlackElo "1377"]
[PlyCount "61"]
[EventDate "2011.07.02"]
[EventType "swiss"]
[EventRounds "9"]
[EventCountry "FRA"]
[SourceTitle "EXT 2012"]
[Source "ChessBase"]
[SourceDate "2011.11.24"]
[SourceVersion "1"]
[SourceVersionDate "2011.11.24"]
[SourceQuality "1"]

1. d4 Nf6 2. c4 g6 3. Nc3 Bg7 4. e4 d6 5. f4 0-0 6. Nf3 Bg4 7. Be2 Nbd7 8. 0-0 Rc8 9. Rb1 e5 10. fxe5 dxe5 11. d5 Nc5 12. Qc2 Re8 13. b4 Ncd7 14. c5 Nb8 15. Bg5 a6 16. Rbd1 Qe7 17. a3 Red8 18. h3 Bxf3 19. Rxf3 h6 20. d6 cxd6 21. Nd5 Qe6 22. Bxf6 Bxf6 23. Rxf6 Qe8 24. Rxg6+ Kh8 25. Rxh6+ Kg7 26. Rh7+ Kf8 27. Bh5 Qe6 28. Rf1 Rd7 29. Qd2 Rcd8 30. Qg5 Nc6 31. Rh8# 1-0